000 00844nam a2200253 i 4500
001 171295
003 ES-MaACL
005 20250808062800.0
008 090508s1966 sp |||| | spa d
017 _aM 444-1960
080 _a1"14/17"
100 0 _aFraile, Guillermo.
_952102
245 1 0 _aHistoria de la filosofía.
_nIII,
_pDel Humanismo a la Ilustración (siglos XV-XVIII) /
_cpor Guillermo Fraile.
250 _a2ª ed.
260 _aMadrid :
_bLa Editorial Católica,
_c1966.
300 _aXVI, 1113 p. ;
_c20 cm.
490 1 _aBiblioteca de autores cristianos ;
_v259
500 _aÍndices.
650 7 _aFilosofía renacentista
_2embne
_9147263
650 7 _aFilosofía moderna
_2embne
_9144498
830 0 0 _aBiblioteca de autores cristianos
_v259
_9178679
852 _aES-MaACL
_jJ-254
_9R.46092
999 _c171295
_d171295